000 01336cam a22004574i 4500
003 PE-LiUPU
005 20250731184523.0
008 150617s r 000 0 d
035 _a(Sirsi) a18791
040 _aPE-LiUPU
_bspa
_cPE-LiUPU
_erda
049 _aPRUA
082 0 4 _a920.085
_bP962r
_223
100 1 _aProaño y Mosquera, Miguel A.,
_eautor.
_95686
245 1 0 _aRegiones y personajes del Perú :
_bhistoria social y comercial /
_cMiguel A. Proaño y Mosquera.
264 1 _aLima :
_bImpáginas de la Escuela de la G. C. y Policía,
_c1936.
300 _a273 páginas :
_bil retratos ;
_c25 cm
336 _atext
_2rdacontent
337 _aunmediated
_2rdamedia
338 _avolume
_2rdacarrier
500 _aBiografías.
500 _aTexto con encuadernación engrapada.
505 0 _aRegiones y personajes del Perú; historial social ay comercial.
526 _aP136
526 _aP135
526 _aP134
526 _aP133
526 _aP144
526 _aP143
526 _aP87
526 _aP35
526 _aP20
526 _aP14
526 _aP10
526 _aP06
650 1 8 _aCelebridades
_zPerú
_vBiografía.
_95687
651 2 8 _aPerú
_vBiografía.
942 _2ddc
_cBK
980 _81
_gALBERTO SANCHEZ Responsable de Automatización
999 _c18522
_d18522